Introduction to linguistics / (Record no. 1086)

MARC details
000 -LEADER
fixed length control field 00654nam a2200217 4500
003 - CONTROL NUMBER IDENTIFIER
control field OSt
005 - DATE AND TIME OF LATEST TRANSACTION
control field 20240621072426.0
008 - FIXED-LENGTH DATA ELEMENTS--GENERAL INFORMATION
fixed length control field 240621b |||||||| |||| 00| 0 eng d
020 ## - INTERNATIONAL STANDARD BOOK NUMBER
International Standard Book Number 9789814314497
040 ## - CATALOGING SOURCE
Original cataloging agency DWCL-Main lib.
Transcribing agency OC
082 ## - DEWEY DECIMAL CLASSIFICATION NUMBER
Classification number Circ. 410 F931i 2010
Edition number Philippine edition
006 - FIXED-LENGTH DATA ELEMENTS--ADDITIONAL MATERIAL CHARACTERISTICS
fixed length control field a
100 ## - MAIN ENTRY--PERSONAL NAME
Personal name Fromkin, Victoria
245 ## - TITLE STATEMENT
Title Introduction to linguistics /
250 ## - EDITION STATEMENT
Edition statement Philippine edition
260 ## - PUBLICATION, DISTRIBUTION, ETC.
Place of publication, distribution, etc. Pasig City :
Name of publisher, distributor, etc. Cengage Learning Pte Ltd. (Philippine Branch),
Date of publication, distribution, etc. c2010.
300 ## - PHYSICAL DESCRIPTION
Other physical details 544 p. : ill. ;
Dimensions 23 cm.
504 ## - BIBLIOGRAPHY, ETC. NOTE
Bibliography, etc. note Includes index.
650 ## - SUBJECT ADDED ENTRY--TOPICAL TERM
Topical term or geographic name entry element 1. Linguistics.
942 ## - ADDED ENTRY ELEMENTS (KOHA)
Source of classification or shelving scheme Dewey Decimal Classification
Suppress in OPAC No
Koha item type Book Circulation
Call number prefix Circ.
Edition Philippine edition
Holdings
Withdrawn status Lost status Source of classification or shelving scheme Damaged status Not for loan Home library Current library Date acquired Source of acquisition Cost, normal purchase price Total Checkouts Full call number Barcode Date last seen Copy number Price effective from Koha item type Uniform Resource Identifier
    Dewey Decimal Classification     College Library College Library 10/06/2010 School Fund 655.00   Circ. 410 F931i 2010 CL47847 06/21/2024 c1 06/21/2024 Book Circulation
    Dewey Decimal Classification     College Library College Library 07/26/2012 School Fund     Circ. 410 F931i 2010 CL49450 06/21/2024 c2 06/21/2024 Book Circulation